| 000 | 00369nam a22001457a 4500 | ||
|---|---|---|---|
| 020 | _a0-201-50355-7 | ||
| 082 | _a513.14 KEE'D | ||
| 100 |
_aBITTINGER, MARVIN L, KEEDY, MERVIN L _967761 |
||
| 245 | _aDEVELOPMENT MATHEMATICS | ||
| 250 | _a2ND | ||
| 260 |
_aNEWYORK _bADDISON WESLEY _c1989 |
||
| 300 | _a916P | ||
| 650 |
_aARITHMETIC ACC NO-27773 _967762 |
||
| 942 | _cBK | ||
| 999 |
_c575470 _d575470 |
||